1950 1337 1359 1982 1793 1107 1903 1924 1563 1903 1555 1524 1885 1815 1709 1529 1564 1131 1924 1660 1950 1420 1585 1355 1227 1535 1541 1077 1179 1366 1508 1547 1761 1996 1792 1401 1421 1594 1165 1155 1206 1173 1749 1173 1144 1816 1434 1724 1040 1880 1374 1574 1101 1802 1116 1659 1647 1069 1084 1323 1782 1880 1500 1410 1323 1373 1571 1492 1115 1939 1251 1554 1430 1294 1867 1743 1755 1864 1226 1796 1563 1245 1115 1806 1031 1462 1343 1182 1640 1288 1093 1155 1653 1103 1292 1428 1067 1990 1411 BCNSPRNW ULIB Ver.6.0+V

เปลี่ยนเป็นภาษาไทย

Change to English
 แสดงรายละเอียดบรรณานุกรม
  กลับหน้าหลัก

Brief Record : Get Marc (ISO 2709) : E-mail record : QR code < ปิดหน้าต่าง
LEADER : 00000nam 2200000uu 4500
001    13399113532
003     ULIB
008    111124s2552||||th 000 0 tha d
020    ^a9789741085996
090    ^aนว.^bล511ล 2552
100 0  ^aณารา
245 00 ^aเลื่อมมุกลายมังกล/^cณารา
250    ^aพิมพ์ครั้งที่ 1
260    ^aกรุงเทพฯ :^bพิมพ์คำ,^c2552
300    ^a372 หน้า
710 1  ^aพิมพ์คำ
945    ^p250^l0^i16422
995    ^aกัณชพร
999    ^aใช้งานได้ทุกระบบ
รายการนี้ยังไม่มีแท็ก
คุณยังไม่ได้ล็อกอิน คุณสามารถมีกิจกรรมร่วมกับเว็บไซต์ได้ แต่ต้องล็อกอินก่อน ::
  ล็อกอิน

รายการสื่อสารสนเทศ

ลำดับที่ ประเภท เลขเรียก/บาร์โค้ด สถานที่ สถานะ
1. นวนิยาย
นวนิยาย
นว. ล511ล 2552  
  Barcode: 16422
ห้องสมุดวิทยาเขตสวรรค์ประชารักษ์
►นวนิยาย
บนชั้น
  ขอยืม

รายการใกล้เคียง
    ผู้แต่ง [ณารา]

BibComment


ยังไม่เคยถูกคอมเมนท์

คอมเมนท์ทรัพยากรรายการนี้
  คอมเมนท์: เลื่อมมุกลายมังก..


 Copyright 2026. Bcnsprnw @Library